logo

Bir Sreshtho Munshi Abdur Rouf Library
Jhenaidah Cadet College

A bibliography of Iqbal / (Record no. 7741)

MARC details
000 -LEADER
fixed length control field 00660cam a22002531 4500
001 - CONTROL NUMBER
JCCL Control Number 7741
003 - CONTROL NUMBER IDENTIFIER
JCCL marc code BD-JhCC
005 - DATE AND TIME OF LATEST TRANSACTION
control field 20181006175450.0
008 - FIXED-LENGTH DATA ELEMENTS--GENERAL INFORMATION
fixed length control field 780327s1965 pk b 000 0 eng
035 ## - SYSTEM CONTROL NUMBER
system control number (BD-JhCC)7741
035 ## - SYSTEM CONTROL NUMBER
system control number (OCoLC)3752735
040 ## - CATALOGING SOURCE
Original cataloging agency DLC
Transcribing agency OOxM
Modifying agency OCoLC
-- DLC
-- BD-JhCC
041 ## - LANGUAGE CODE
Language code of Book eng
050 00 - LIBRARY OF CONGRESS CALL NUMBER
Classification number Z8438.97
Item number .W3
082 ## - DEWEY DECIMAL CLASSIFICATION NUMBER
Author mark and Year WAH 1965
Classification number 923
100 1# - MAIN ENTRY--PERSONAL NAME
Personal name Waheed, K. Abdul.
245 12 - TITLE STATEMENT
Title A bibliography of Iqbal /
Statement of responsibility, etc by K. A. Waheed.
250 ## - EDITION STATEMENT
Edition statement [1st ed.]
260 ## - PUBLICATION, DISTRIBUTION, ETC. (IMPRINT)
Place of publication, distribution, etc Karachi,
Name of publisher, distributor, etc Iqbal Academy
Date of publication, distribution, etc [1965]
300 ## - PHYSICAL DESCRIPTION
Pagination iii, 224 p.
Dimensions 23 cm.
600 10 - SUBJECT ADDED ENTRY--PERSONAL NAME
Personal name Iqbal, Muhammad,
Titles and other words associated with a name Sir,
Dates associated with a name 1877-1938
942 ## - ADDED ENTRY ELEMENTS (KOHA)
Source of classification or shelving scheme Dewey Decimal Classification
Koha item type Books
Holdings
Source of classification or shelving scheme Damaged status Not for loan Home library Current library Shelving location Total Checkouts Full call number Barcode Date last seen Copy number Koha item type
Dewey Decimal Classification     JCC Rouf Library JCC Rouf Library General Stacks   923 WAH 1965 10360 02/13/2018 C -1 Books

JCC Library | Contacts | JCC Home

Last Update on 23 September 2017
Copyright @ 2017-2020 JCC Rouf Library
Rouf Library, Jhenidah Cadet College (JCC), Bangladesh